000 00658cam a2200217ua 4500
001 5795
005 20260515113934.0
008 131025n ii |||gr||||Z||||||eng
020 _a19 562160 3
040 _cMAIN
082 _a954
245 _aOxford University papers on India :
_bIndian Ritual and its Exegesis /
_ced. by Richard F Gombrich .
250 _b vol 2 part 1.
260 _aBombay:
_bOxford University Press,
_c1988.
_aCalcutta:
_aMadras:
300 _axi,170p.
653 _aHistory
653 _aIndian Ritual and its Exegesis
653 _aOxford University papers on India
700 _aGombrich,Richard F.,
_eEditor.,
942 _cBK
999 _c4948
_d4948